[Event "Jersey Masters 2013"]
[Site "St Clement Bay JCI"]
[Date "2013.03.10"]
[Round "9"]
[White "Hebden,M"]
[Black "Lyell,M"]
[Result "1-0"]
[WhiteElo "2518"]
[BlackElo "2227"]

1.d4 d5 2.Nf3 c5 3.c4 dxc4 4.e3 e6 5.Bxc4 Nf6 6.O-O a6 7.Bb3 Nc6 8.Qe2 cxd4
9.Rd1 Be7 10.Nc3 O-O 11.Nxd4 Nxd4 12.exd4 Nd5 13.Qe4 Nxc3 14.bxc3 Qc7 15.c4 Bd7
16.Bf4 Qc8 17.Rac1 Bf6 18.h4 Re8 19.Bg5 Bc6 20.Qd3 Qd8 21.Qg3 Bxg5 22.hxg5 Be4
23.d5 exd5 24.cxd5 Rc8 25.d6 Rxc1 26.Rxc1 Bc6 27.Qf4 Qd7 28.f3 g6 29.Qf6 Re2
30.Rc5 Qe8 31.Bc4 Re1+ 32.Kf2 Qe3+ 33.Kg3 Qe8 34.Qd4 Bd7 35.Kf2 Bc6 36.Rxc6  1-0

[Event "TCh-BEL 2012-13"]
[Site "Buellingen BEL"]
[Date "2013.03.24"]
[Round "11.6"]
[White "Sumets,A"]
[Black "Prie,E"]
[Result "1/2-1/2"]
[WhiteElo "2627"]
[BlackElo "2514"]

1.d4 d5 2.c4 dxc4 3.Nf3 a6 4.e3 b5 5.a4 Bb7 6.b3 e6 7.axb5 axb5 8.Rxa8 Bxa8
9.bxc4 bxc4 10.Bxc4 Nd7 11.O-O Ngf6 12.Nbd2 Be7 13.Be2 O-O 14.Nc4 c5  1/2-1/2

[Event "Mexico International Open"]
[Site "Puebla MEX"]
[Date "2013.03.29"]
[Round "5.5"]
[White "Otero Acosta,D"]
[Black "Gonzalez Garcia,J2"]
[Result "1-0"]
[WhiteElo "2471"]
[BlackElo "2517"]

1.d4 d5 2.c4 dxc4 3.Nf3 a6 4.e3 Bg4 5.Bxc4 e6 6.h3 Bh5 7.Nc3 Nc6 8.O-O Nf6
9.Be2 Bd6 10.b3 O-O 11.Bb2 Qe7 12.Rc1 Rfd8 13.Nd2 Bxe2 14.Qxe2 Bb4 15.Nde4 Nxe4
16.Nxe4 e5 17.Rxc6 bxc6 18.dxe5 Qe6 19.f4 Qd5 20.Qf3 Re8 21.Re1 Qe6 22.f5 Qh6  1-0

[Event "TCh-NED Meesterklasse 2012-13"]
[Site "Netherland NED"]
[Date "2013.04.06"]
[Round "8.7"]
[White "Van de Griendt,JW"]
[Black "Tereick,B"]
[Result "0-1"]
[WhiteElo "2323"]
[BlackElo "2393"]

1.d4 d5 2.c4 dxc4 3.Nf3 a6 4.g3 c5 5.Bg2 cxd4 6.Qxd4 Qxd4 7.Nxd4 e5 8.Nc2 Nc6
9.Bxc6+ bxc6 10.Ne3 Be6 11.Nd2 Bb4 12.a3 Bxd2+ 13.Bxd2 Rb8 14.Bc3 f6 15.f4 exf4
16.gxf4 Ne7 17.Rg1 Kf7 18.O-O-O Rhd8 19.a4 Rxd1+ 20.Rxd1 Nd5 21.Nxd5 Bxd5
22.Kd2 Ke6 23.Rg1 Rb7 24.a5 Kf5 25.e3 c5 26.Ke2 Rd7 27.Rc1 Bf7 28.Be1 Ke4
29.Kf2 Rd3 30.Rc3 Rd1 31.Rc2 Rb1 32.Rd2 Bd5 33.Rc2 Kf5 34.Rd2 Be4 35.Ke2 Bd3+
36.Kf2 Ke4  0-1

[Event "77th ch-BUL 2013"]
[Site "Bankya BUL"]
[Date "2013.04.20"]
[Round "5.5"]
[White "Petkov,V"]
[Black "Arnaudov,G"]
[Result "1/2-1/2"]
[WhiteElo "2566"]
[BlackElo "2489"]

1.d4 d5 2.c4 dxc4 3.Nf3 a6 4.e3 b5 5.a4 Bb7 6.axb5 axb5 7.Rxa8 Bxa8 8.b3 e6
9.bxc4 bxc4 10.Bxc4 Nf6 11.O-O Nbd7 12.Ba3 Bxa3 13.Nxa3 O-O 14.Be2 c5 15.dxc5 Nxc5
16.Qxd8 Rxd8 17.Rd1 Rxd1+ 18.Bxd1 Bxf3 19.Bxf3 Nfe4 20.Bxe4 Nxe4 21.Nc4 Kf8
22.f3 Nc5 23.e4 f6 24.Kf2 e5 25.Ke3 Ke7 26.g3 Nb7 27.Kd3 Nd6 28.Nxd6 Kxd6
29.Kc4 Kc6 30.Kb4 Kb6 31.Kc4 Kc6 32.Kb4 Kb6 33.h3 h6 34.Kc4 Kc6 35.Kb4 Kb6
36.Kc4 Kc6 37.h4 h5 38.Kb4 Kb6 39.Kc4 Kc6 40.Kb4 Kb6  1/2-1/2

[Event "TCh-HUN 2012-13"]
[Site "Nagykanizsa HUN"]
[Date "2013.04.21"]
[Round "9"]
[White "Kantor,G"]
[Black "Toth,Sar"]
[Result "1/2-1/2"]
[WhiteElo "2310"]
[BlackElo "2150"]

1.d4 d5 2.c4 dxc4 3.Nf3 a6 4.e3 Bg4 5.Bxc4 e6 6.h3 Bh5 7.Nc3 Nc6 8.Qe2 Nf6
9.g4 Bg6 10.Nh4 Be4 11.Nxe4 Nxe4 12.Nf3 h5 13.gxh5 Rxh5 14.Nd2 Nf6 15.a3 g6
16.b4 b5 17.Ba2 a5 18.bxa5 Nxa5 19.Rb1 c6 20.Nf3 Nd5 21.Qc2 b4 22.Bd2 Rb8
23.Ne5 Bd6 24.Nd3 bxa3 25.Rxb8 Bxb8 26.Qa4 Nb6 27.Qc2 Qc8 28.Bb4 Nb7 29.Bxa3 Bd6
30.Bxd6 Nxd6 31.Nf4 Ra5 32.O-O Nd5 33.Bxd5 cxd5 34.Rc1  1/2-1/2

[Event "ch-LTU 2013"]
[Site "Vilnius LTU"]
[Date "2013.04.22"]
[Round "4.3"]
[White "Labeckas,K"]
[Black "Beinoras,M"]
[Result "1/2-1/2"]
[WhiteElo "2354"]
[BlackElo "2359"]

1.d4 d5 2.Nf3 c5 3.c4 dxc4 4.d5 e6 5.Nc3 exd5 6.Qxd5 Qxd5 7.Nxd5 Bd6 8.Nd2 Nc6
9.Nxc4 Bb8 10.Bd2 Nge7 11.Nxe7 Kxe7 12.e4 Be6 13.Be3 b6 14.O-O-O Bc7 15.Be2 Rhd8
16.b3 f6  1/2-1/2

[Event "48th Capablanca Open I 2013"]
[Site "Havana CUB"]
[Date "2013.04.27"]
[Round "6.30"]
[White "Salgado Segui,Roberto"]
[Black "Pina Vega,S"]
[Result "1/2-1/2"]
[WhiteElo "2226"]
[BlackElo "2332"]

1.d4 d5 2.c4 dxc4 3.Nf3 a6 4.a4 Nf6 5.e3 Bg4 6.Bxc4 e6 7.Nc3 Nc6 8.O-O Bd6
9.Be2 O-O 10.h3 Bh5 11.Nd2 Bxe2 12.Qxe2 e5 13.d5 Nb4 14.e4 Nc2 15.Rb1 Nd4
16.Qd3 Rc8 17.Nf3 Nxf3+ 18.Qxf3 Nd7 19.Ne2  1/2-1/2

[Event "Oceania Open zt 2013"]
[Site "Nadi FIJ"]
[Date "2013.05.05"]
[Round "1.10"]
[White "Zelesco,Karl"]
[Black "Egan,B"]
[Result "1-0"]
[WhiteElo "2169"]
[BlackElo "1719"]

1.d4 d5 2.c4 dxc4 3.Nf3 a6 4.e3 b5 5.a4 Bb7 6.axb5 axb5 7.Rxa8 Bxa8 8.b3 e6
9.bxc4 bxc4 10.Bxc4 c5 11.Ne5 Nd7 12.Qa4 Nf6 13.O-O Bd6 14.Nxd7 Nxd7 15.Bb5 Ke7
16.Ba3 Nb6 17.Qa7+ Qc7 18.Qxc7+ Bxc7 19.Bxc5+ Kf6 20.Rc1 Nd5 21.e4 Bf4 22.Re1 Rb8
23.Bd3 Nb4 24.e5+ Kg5 25.Be2 Kg6 26.g3 Bh6 27.h4 f5 28.Bd6 Rb6 29.Na3 Nd5
30.Nc4 Rb3 31.Ra1 Bb7 32.Na5 Rb2 33.Nxb7 Rxb7 34.Bf3 Bd2 35.Ra6 Rb6 36.Ra7 Bc3
37.h5+ Kh6 38.Bf8 Rb1+ 39.Kg2 Bxd4 40.Rxg7 Rb8 41.Rg6+  1-0

[Event "IsBank TCh-TUR 2013"]
[Site "Denizli TUR"]
[Date "2013.06.29"]
[Round "1.5"]
[White "Erden,K"]
[Black "Ozturk,Ku"]
[Result "1/2-1/2"]
[WhiteElo "2232"]
[BlackElo "2293"]

1.d4 d5 2.Nf3 c5 3.c4 dxc4 4.d5 Nf6 5.Nc3 e6 6.e4 exd5 7.e5 Nfd7 8.Qxd5 Be7
9.Bxc4 O-O 10.Qe4 Nb6 11.Bb3 Nc6 12.O-O Bd7 13.Rd1 Qc8 14.Rxd7 Nxd7 15.Nd5 Bd8
16.e6 Nf6 17.Nxf6+ Bxf6 18.Be3 Kh8 19.exf7 Nd8 20.Ng5 Bxg5 21.Bxg5 Nxf7 22.Be7 Nh6
23.Bxf8 Qxf8 24.Qxb7 a5 25.Bc2 Ng4 26.Qe4 Nf6 27.Qc4 Rb8 28.b3 Rb4 29.Qc3 Nd5
30.Qd3 Nf6 31.Re1 Rd4 32.Qe2 Qd8 33.Rd1 g6 34.h3 Qd6 35.g3 Nd5 36.Re1 Kg7
37.Be4 Nf6 38.Bf3 Rd2 39.Qe7+ Qxe7 40.Rxe7+ Kf8 41.Rc7 Rxa2 42.Rxc5 Ra3 43.Kg2 Rxb3
44.Rxa5 Rb2 45.g4 h6 46.h4 Rb4 47.g5 hxg5 48.hxg5 Ne8 49.Bd1 Nc7 50.Re5 Rd4
51.Bc2 Rd5 52.Rxd5 Nxd5 53.Be4 Nf4+ 54.Kg3 Ne6 55.Kg4 Kg7 56.f4 Nd4 57.Bd3 Kf7
58.Kg3 Kg7 59.Kf2 Ne6 60.Ke3 Nf8 61.Kd4 Nd7 62.Ba6 Nf8 63.Bc8 Nh7 64.Ke5 Nf8
65.Be6 Nh7 66.Kd6 Nf8 67.Ke7 Nh7 68.Bf7 Nf8 69.Bd5 Nh7 70.Be4 Nf8 71.f5 gxf5
72.Bxf5 Ng6+ 73.Ke6 Nh8 74.Be4 Nf7  1/2-1/2

[Event "12th ROC Nova Open"]
[Site "Haarlem NED"]
[Date "2013.06.29"]
[Round "2.2"]
[White "L'Ami,E"]
[Black "Afek,Y"]
[Result "1-0"]
[WhiteElo "2640"]
[BlackElo "2318"]

1.d4 d5 2.c4 dxc4 3.Nf3 c5 4.d5 e6 5.Nc3 Ne7 6.e4 exd5 7.exd5 Nf5 8.Bxc4 Be7
9.O-O O-O 10.Re1 Nd6 11.Bd3 Bg4 12.Bf4 Na6 13.Ne4 Nxe4 14.Bxe4 f5 15.Bd3 Bd6
16.Bxd6 Qxd6 17.Bxa6 Qxa6 18.Qb3 c4 19.Qc3 Bxf3 20.Qxf3 Rae8 21.Rxe8 Rxe8
22.h3 Qf6 23.Rd1 Qxb2 24.d6 Qb5 25.a4 Qd7 26.Qd5+ Qf7 27.d7 Rd8 28.Qxb7 c3
29.Qc8 Qf6 30.Rd3 h6 31.Rxc3 Kh7 32.Rc1 Qe7 33.Rd1 Qe2 34.Qc1 Qe6 35.Qd2 Kg8
36.Qd4 a6 37.a5 Kf7 38.Kh2 Qc6 39.Qb6 Qxb6 40.axb6 Ke7 41.b7 a5 42.Re1+  1-0

[Event "IsBank TCh-TUR 2013"]
[Site "Denizli TUR"]
[Date "2013.07.03"]
[Round "5.8"]
[White "Tsatsalashvili,K"]
[Black "Kaya,E"]
[Result "1/2-1/2"]
[WhiteElo "2279"]
[BlackElo "1993"]

1.d4 d5 2.c4 dxc4 3.Nf3 c5 4.d5 a6 5.a4 e6 6.e4 Nf6 7.Nc3 exd5 8.e5 Ne4 9.Nxd5 Be6
10.Bxc4 Qa5+ 11.Bd2 Nxd2 12.Qxd2 Qxd2+ 13.Nxd2 Bxd5 14.Bxd5 Nc6 15.Bxc6+ bxc6
16.O-O-O O-O-O 17.Nb3 Be7 18.Kc2 Kc7 19.Rxd8 Rxd8 20.Nd2 Rd4 21.b3 h5 22.Re1 Kd7
23.Nc4 Ke6 24.Re3 Rh4 25.h3 Rf4 26.Re2 h4 27.Nd2 Kd5 28.Nc4 Ke6 29.Kc3 g5
30.f3 Rd4 31.Nb2 Bd8 32.Kc2 Bc7 33.Nd3 Kd5 34.Re1 a5 35.Nb2 Bxe5 36.Nc4 Bf4
37.Re2 Rxc4+ 38.bxc4+ Kxc4 39.Re4+ Kd5 40.Re7 Kc4 41.Re4+ Kd5 42.Re7 Kc4
43.Rb7 f6 44.Rb6 Be5 45.Rxc6 Kb4 46.Kd3 Bd4 47.Ra6 Be5 48.Rc6 Bd4 49.Ra6  1/2-1/2

[Event "IsBank TCh-TUR 2013"]
[Site "Denizli TUR"]
[Date "2013.07.07"]
[Round "10.8"]
[White "Sahin,Handenur"]
[Black "Kaya,E"]
[Result "1-0"]
[WhiteElo "1791"]
[BlackElo "1993"]

1.d4 d5 2.c4 dxc4 3.Nf3 c5 4.e3 cxd4 5.exd4 Nf6 6.Bxc4 e6 7.O-O Be7 8.Qe2 O-O
9.Nc3 Nc6 10.Rd1 Na5 11.Bd3 b6 12.Bg5 Bb7 13.Ne5 Nc6 14.Bxf6 Bxf6 15.Qe4 g6
16.Nxc6 Qd6 17.Qf3 Bg7 18.Be4 f5 19.Ne7+ Qxe7 20.Bxb7 Rad8 21.Ba6 Bxd4 22.Bc4 Kh8
23.Qe2 e5 24.Nb5 Bc5 25.a3 a6 26.Nc3 b5 27.Bb3 Bd4 28.Nd5 Qb7 29.Nc3 h6 30.Rd2 Kh7
31.Rad1 f4 32.Qe4 Qxe4 33.Nxe4 Rc8 34.h4 Kg7 35.Be6 Rc7 36.Kf1 Re8 37.Bb3 Rec8
38.Ke2 Rc1 39.h5 gxh5 40.Nd6 Rxd1 41.Bxd1 Rf8 42.a4 bxa4 43.Bxa4 f3+ 44.gxf3 h4
45.Ne4 h3 46.b3 Kg6 47.Rd1 Rf4 48.Rh1 Rh4 49.Be8+ Kg7 50.Bd7 h2 51.Ng3 Kf7
52.Bg4  1-0

[Event "IsBank TCh-TUR 2013"]
[Site "Denizli TUR"]
[Date "2013.07.10"]
[Round "13.4"]
[White "Tsatsalashvili,K"]
[Black "Yildiz,B"]
[Result "1/2-1/2"]
[WhiteElo "2279"]
[BlackElo "2285"]

1.d4 d5 2.c4 dxc4 3.Nf3 c5 4.e3 cxd4 5.Qxd4 Qxd4 6.Nxd4 Bd7 7.Bxc4 Nc6 8.Nxc6 Bxc6
9.O-O e6 10.Nc3 a6 11.Bd2 Nf6  1/2-1/2

[Event "4th Borloy Mem FSGM 2013"]
[Site "Budapest HUN"]
[Date "2013.07.14"]
[Round "8.3"]
[White "Savchenko,S"]
[Black "Gonda,L"]
[Result "1/2-1/2"]
[WhiteElo "2498"]
[BlackElo "2538"]

1.d4 d5 2.c4 dxc4 3.Nf3 a6 4.e3 Bg4 5.Bxc4 e6 6.Nc3 Nc6 7.h3 Bh5 8.O-O Nf6
9.b3 Bd6 10.Bb2 O-O  1/2-1/2

[Event "Czech Open G1 Rapid 2013"]
[Site "Pardubice CZE"]
[Date "2013.07.18"]
[Round "4.60"]
[White "Janocko,P"]
[Black "Akots,G"]
[Result "0-1"]
[WhiteElo "2056"]
[BlackElo "2255"]

1.d4 d5 2.c4 dxc4 3.Nf3 a6 4.a4 Nf6 5.g3 Nc6 6.Bg2 e6 7.O-O Be7 8.Na3 Na5
9.Bf4 Nd5 10.Rc1 Bxa3 11.bxa3 b5 12.Ne5 Bb7 13.axb5 axb5 14.e4 Nxf4 15.gxf4 Nb3
16.Rb1 O-O 17.d5 exd5 18.exd5 Rxa3 19.Be4 f5 20.Bc2 Qxd5 21.Qxd5+ Bxd5 22.Bxb3 Rxb3
23.Rxb3 cxb3 24.f3 Ra8 25.Kf2 Ra2+ 26.Ke3 c5 27.Rd1 Kf8 28.Rxd5 b2 29.Rd8+ Ke7
30.Nc6+ Ke6 31.Rd1 Ra1  0-1

[Event "17th Godesberg Open"]
[Site "Bonn GER"]
[Date "2013.08.04"]
[Round "2.26"]
[White "Pandorf,H"]
[Black "Eisentraut,D"]
[Result "0-1"]
[WhiteElo "1704"]
[BlackElo "1949"]

1.d4 d5 2.c4 dxc4 3.Nf3 a6 4.a4 Nc6 5.e3 Bg4 6.Bxc4 e6 7.O-O Nf6 8.h3 Bh5
9.Bd2 Bd6 10.Nc3 O-O 11.Re1 Bb4 12.Be2 Qd6 13.Qc2 Bg6 14.Bd3 Bxd3 15.Qxd3 e5
16.Ng5 Rad8 17.Nce4 Nxe4 18.Bxb4 Nxb4 19.Qxe4 Qg6 20.Qxg6 hxg6 21.Red1 exd4
22.Rxd4 Rxd4 23.exd4 Rd8 24.Re1 f6 25.Nf3 Kf7 26.Kf1 g5 27.b3 Rd6 28.Rc1 c6
29.a5 Rd5 30.Rc5 Rxc5 31.dxc5 Nd3 32.Nd4 Nxc5 33.b4 Nd3 34.Nc2 Ke6 35.g3 Kd5
36.Ke2 Nb2 37.Ne3+ Kd4 38.Nf5+ Kc3 39.Nd6 Kxb4 40.Nxb7 Nc4 41.Nd8 c5 42.Ne6 g6
43.Nf8 Nxa5 44.Nxg6 Nc6 45.h4 Nd4+ 46.Kd3 gxh4 47.gxh4 Nf5 48.h5 Kb3 49.Nf4 c4+
50.Kd2 Kb2 51.Ne2 a5 52.Nc3 Kb3 53.Ne4 a4 54.Kc1 a3 55.Nd2+ Kc3 56.Nb1+ Kb4
57.Nxa3 Kxa3 58.Kc2 Kb4 59.Kb2 c3+ 60.Kc2 Kc4 61.Kc1 Kd3 62.Kd1 c2+ 63.Kc1 Kc3
64.h6 Nd4  0-1

[Event "HZ Open 2013"]
[Site "Vlissingen NED"]
[Date "2013.08.10"]
[Round "9.24"]
[White "Bottema,M"]
[Black "Afek,Y"]
[Result "1/2-1/2"]
[WhiteElo "2087"]
[BlackElo "2315"]

1.d4 d5 2.c4 dxc4 3.Nf3 c5 4.e3 cxd4 5.Bxc4 Qc7 6.Bb3 dxe3 7.Bxe3 Nf6 8.O-O Nc6
9.Nc3 Bg4 10.h3 Bh5 11.g4 Bg6 12.Nb5 Qa5 13.Qe2 e6 14.Bf4 O-O-O 15.Bc7 Qb4
16.Bxd8 Kxd8 17.Rfd1+ Kc8 18.Rac1 Bc5 19.a3 Qe4 20.Qxe4 Nxe4 21.Rf1  1/2-1/2

[Event "12th Lichtenberger Sommer"]
[Site "Berlin GER"]
[Date "2013.08.21"]
[Round "5.29"]
[White "Heuser,P"]
[Black "Bernasconi,R"]
[Result "1/2-1/2"]
[WhiteElo "2123"]
[BlackElo "1931"]

1.d4 d5 2.c4 dxc4 3.Nf3 c5 4.e3 Nf6 5.Bxc4 e6 6.O-O a6 7.a4 Nc6 8.Nc3 cxd4
9.exd4 Be7 10.Re1 O-O 11.Bg5 h6 12.Bf4 Bd6 13.Qd2 Ne7 14.Ne5 Bxe5 15.dxe5 Qxd2
16.Bxd2 Nd7 17.f4 Nb6 18.Bb3 Nbd5 19.Ne4 Bd7 20.Nd6 Bc6 21.Bc2 Nc8 22.Ne4 b5
23.axb5 Bxb5 24.Ba4 Ncb6 25.Bb3 Bc4 26.Bc2 Bb5 27.Bb3 Bc4 28.Bc2 Bb5 29.Bb3  1/2-1/2

[Event "Petersburg Summer Blitz 2013"]
[Site "St Petersburg RUS"]
[Date "2013.08.28"]
[Round "12.6"]
[White "Goganov,A"]
[Black "Anisimov,P2"]
[Result "1/2-1/2"]
[WhiteElo "2577"]
[BlackElo "2538"]

1.d4 d5 2.c4 dxc4 3.Nf3 a6 4.e3 Nf6 5.Bxc4 e6 6.O-O c5 7.Nc3 b5 8.Be2 Bb7
9.dxc5 Bxc5 10.Qxd8+ Kxd8 11.Nd2 Nc6 12.Nb3 Bd6 13.e4 Ke7 14.Be3 b4 15.Na4 Nxe4
16.Nac5 Nxc5 17.Nxc5 Bxc5 18.Bxc5+ Kf6 19.Bf3 a5 20.Rac1 Rac8 21.Bb6 Ba8
22.Bxc6 Rxc6 23.Bxa5 Rb8 24.Rxc6 Bxc6 25.Rc1 Bd5 26.b3 Ke5  1/2-1/2

[Event "20th Graz Open 2013"]
[Site "Graz AUT"]
[Date "2013.08.30"]
[Round "7.2"]
[White "Schnider,G"]
[Black "Aschenbrenner,R"]
[Result "1/2-1/2"]
[WhiteElo "2369"]
[BlackElo "2233"]

1.d4 d5 2.c4 dxc4 3.Nf3 a6 4.a4 Nf6 5.e3 e6 6.Bxc4 c5 7.O-O Nc6 8.Nc3 Be7
9.Qe2 cxd4 10.Rd1 O-O 11.exd4 Nb4 12.Ne5 Bd7 13.d5 exd5 14.Nxd5 Nbxd5 15.Bxd5 Nxd5
16.Rxd5 Bg4 17.Qc4 Qxd5 18.Qxd5 Rad8 19.Qb3 Rd1+ 20.Qxd1  1/2-1/2

[Event "78th ch-ESP 2013"]
[Site "Linares ESP"]
[Date "2013.08.31"]
[Round "3.19"]
[White "Lopez Mulet,Inigo"]
[Black "Chueca Forcen,A"]
[Result "0-1"]
[WhiteElo "2120"]
[BlackElo "2313"]

1.d4 d5 2.c4 dxc4 3.Nf3 c5 4.d5 Nf6 5.Nc3 e6 6.e4 exd5 7.e5 Ne4 8.Nxe4 dxe4
9.Qxd8+ Kxd8 10.Ng5 Be6 11.Nxe6+ fxe6 12.Bxc4 Nc6 13.Bf4 Nd4 14.O-O-O Kc7
15.Be3 b5 16.Bxd4 bxc4 17.Be3 Be7 18.Rd2 Rab8 19.Rhd1 Rhd8 20.Rxd8 Rxd8 21.Rxd8 Bxd8
22.Bxc5 a5 23.Kc2 Kc6 24.Be3 Kd5 25.Kc3 Bc7 26.Bf4 h6 27.h4 h5 28.b3 cxb3
29.Kxb3 Bxe5 30.Bd2 Bc7 31.Be3 Bd8 32.g3 Bc7 33.Bd2 Bb6 34.Be3 Bc7 35.Bd2 Kd4
36.Kc2 Kc4 37.Be3 a4 38.Kd2 Be5 39.Kc2 Bd4 40.Kd2 Bc3+ 41.Kc2 Bb4 42.Bc1 Be1
43.Be3 Kb4 44.Kb2 Bc3+ 45.Kc2 Bf6 46.Bc1 Bd4 47.Be3 e5 48.Bd2+ Ka3 49.Kb1 Bxf2
50.Bg5 Kb4 51.Kc2 Bxg3  0-1

[Event "TCh-ROU 2013"]
[Site "Mamaia ROU"]
[Date "2013.09.02"]
[Round "3.4"]
[White "Danilov,V"]
[Black "Itkis,B"]
[Result "1/2-1/2"]
[WhiteElo "2405"]
[BlackElo "2391"]

1.d4 d5 2.c4 dxc4 3.Nf3 a6 4.e3 Bg4 5.Bxc4 e6 6.Nc3 Nf6 7.h3 Bh5 8.O-O Nc6
9.Re1 Bd6 10.g4 Bg6 11.e4 e5 12.dxe5 Bxe5 13.Bd5 Bxc3 14.bxc3 O-O 15.Ba3 Re8
16.Bxc6 bxc6 17.Qxd8 Raxd8 18.e5 Nd5 19.Kg2 Nxc3 20.Bb4 Na4 21.Rac1 Nb2 22.Re3 Nd3
23.Rc4 f6 24.Bc3 fxe5 25.Rxc6 e4 26.Nh4 Nf4+ 27.Kg3 Nd5 28.Re1 Rd6 29.Rc5  1/2-1/2

[Event "TCh-NOR Club 2013"]
[Site "Fagernes NOR"]
[Date "2013.09.28"]
[Round "4.2"]
[White "Urkedal,F"]
[Black "Johannessen,LE"]
[Result "1/2-1/2"]
[WhiteElo "2481"]
[BlackElo "2519"]

1.d4 d5 2.c4 dxc4 3.Nf3 a6 4.e3 b5 5.a4 Bb7 6.b3 e6 7.bxc4 bxc4 8.Bxc4 Nf6
9.O-O Be7 10.Nbd2 Nbd7 11.Rb1 Rb8 12.Qe2 O-O 13.Bxa6 Bxa6 14.Qxa6 Rxb1 15.Nxb1 Qa8
16.Qc4 c5 17.dxc5 Rc8 18.Nc3 Nxc5 19.Qa2 Nd3 20.Bd2 Bb4 21.Nb5 Ne4 22.Bxb4 Nxb4
23.Qa3 Nd5 24.Rc1 Rxc1+ 25.Qxc1 h6 26.Qa1 Nc5 27.a5 Nb3 28.Qa3 Qxa5 29.Qxa5  1/2-1/2

[Event "Vasteras Open 2013"]
[Site "Vasteras SWE"]
[Date "2013.09.28"]
[Round "5.1"]
[White "Hillarp Persson,T"]
[Black "Semcesen,D"]
[Result "1/2-1/2"]
[WhiteElo "2543"]
[BlackElo "2490"]

1.d4 d5 2.c4 dxc4 3.Nf3 a6 4.e3 Bg4 5.Bxc4 e6 6.h3 Bh5 7.Nc3 Nc6 8.a3 Bd6
9.g4 Bg6 10.e4 e5 11.d5 Nb8 12.Be3 Nd7 13.Rc1 h5 14.g5 h4 15.Be2 Bh5 16.Nd2 Bxe2
17.Qxe2 Ne7 18.Qg4 Ng6 19.Nf3 Qe7 20.O-O Kf8 21.Rc2 Re8 22.Nb1 Nf4 23.Nbd2 g6
24.Re1 Qd8 25.Nc4 Rh5 26.Na5 Qc8 27.Nxb7 Qxb7 28.Qxd7 Qb3 29.Rd2 Rh8 30.Rc1 Kg7
31.Qg4 Qa4 32.Bxf4 exf4 33.Rd4 Qb3 34.Re1 Qxb2 35.Rdd1 Be5 36.Rb1 Qxa3 37.Nxe5 Rxe5
38.Qxf4 Qe7  1/2-1/2

[Event "23rd EYCC Open U16 2013"]
[Site "Budva MNE"]
[Date "2013.09.29"]
[Round "1.2"]
[White "Sirosh,Ilja"]
[Black "Alekseenko,K"]
[Result "0-1"]
[WhiteElo "2103"]
[BlackElo "2442"]

1.d4 d5 2.c4 dxc4 3.Nf3 a6 4.e3 Bg4 5.Bxc4 e6 6.h3 Bh5 7.Nc3 Nc6 8.O-O Nf6
9.a3 Bd6 10.Be2 O-O 11.b4 Qe8 12.Qb3 e5 13.dxe5 Nxe5 14.Nd4 Bxe2 15.Ncxe2 Qd7
16.Bb2 b5 17.Rac1 Nc4 18.Rxc4 bxc4 19.Qxc4 Rfe8 20.Ng3 Rac8 21.Ndf5 Be5 22.Bxe5 Rxe5
23.Qf4 Qe6 24.Nd4 Qd5 25.Ngf5 g6 26.Ne7+ Rxe7 27.Qxf6 Qd6 28.Qg5 Re5 29.Qg4 Rce8
30.Rd1 Rd5 31.Rc1 c5 32.Nb3 cxb4 33.axb4 h5 34.Qc4 Rd8 35.Nd4 Rb8 36.Ra1 Rxb4
37.Qc8+ Kh7 38.g3 a5 39.Qe8 Kg7 40.Qa8 Qd7 41.Rxa5 Qxh3 42.Ra1 Rd6 43.Qe4 Rdb6
44.Qe5+ Kh7 45.Qe4 Qd7 46.Kg2 Qb7 47.Qxb7 Rxb7 48.Ra6 R7b6 49.Ra7 Kg7 50.Ra2 Rb2
51.Ra5 Rf6 52.Nf3 Kh6 53.Rd5 Ra6 54.Rd2 Raa2 55.Rxb2 Rxb2 56.Nd4 Kg7 57.Nf3 Kf6
58.Nd4 Ke5 59.Nf3+ Kf5 60.Nd4+ Ke4 61.Nf3 f6 62.Nd4 g5 63.Nf3 Ra2 64.Nd4 Rd2
65.Nf3 Rd1 66.Ng1 Rxg1+ 67.Kxg1 Kf3 68.Kf1 f5  0-1

[Event "17th Unive Open 2013"]
[Site "Hoogeveen NED"]
[Date "2013.10.25"]
[Round "8.23"]
[White "Clemens,A"]
[Black "Krasenkova,I"]
[Result "1-0"]
[WhiteElo "2206"]
[BlackElo "2133"]

1.d4 d5 2.c4 dxc4 3.Nf3 a6 4.e3 e6 5.Bxc4 c5 6.O-O Nf6 7.Bd3 cxd4 8.exd4 Be7
9.Nc3 b5 10.a4 b4 11.Ne4 Bb7 12.Nc5 Bd5 13.Be3 O-O 14.Ne5 a5 15.Rc1 Ra7 16.Qe2 Ba8
17.Bb1 Rc7 18.f3 Bd5 19.Qd3 g6 20.Rfd1 Nh5 21.Ne4 Rxc1 22.Rxc1 f5 23.Nc5 Ng7
24.Qd2 Bf6 25.Bd3 Nh5 26.Bb5 f4 27.Bf2 Bxe5 28.dxe5 Qg5 29.Qe2 Ng7 30.Bc4 Bxc4
31.Rxc4 Qf5 32.Nb3 Nd7 33.Bd4 Qb1+ 34.Rc1 Qf5 35.Nxa5 Ra8 36.Nc6 Qf8 37.a5 Nf5
38.Bf2 b3 39.Qc4 Qe8 40.Qxf4 Rc8 41.g4 Nf8 42.Qc4 Kg7 43.gxf5 gxf5 44.a6 Qh5
45.Qh4 Qxf3 46.Qf6+ Kg8 47.Ne7+  1-0

[Event "3rd Panama Open"]
[Site "Panama City PAN"]
[Date "2013.11.02"]
[Round "4.37"]
[White "Mendoza,Ro"]
[Black "Oquendo,Eder"]
[Result "0-1"]
[WhiteElo "2189"]
[BlackElo "1997"]

1.d4 d5 2.c4 dxc4 3.Nf3 c5 4.d5 e6 5.e4 exd5 6.exd5 Nf6 7.Bxc4 Bd6 8.O-O O-O
9.h3 a6 10.a4 Bf5 11.Nc3 Nbd7 12.Be3 Qc7 13.Bd3 Bg6 14.Rc1 Rad8 15.Bxg6 hxg6
16.Qb3 Rfe8 17.Bg5 c4 18.Qa2 Bf4 19.Bxf4 Qxf4 20.a5 Nc5 21.Rcd1 Nd3 22.Nd2 Nxd5
23.Nxc4 Nxc3 24.bxc3 Nxf2 25.Rd4 Rxd4 26.cxd4 Nxh3+ 27.gxh3 Qxd4+ 28.Rf2 Re1+
29.Kh2 Qd5 30.Rg2 Re4 31.Nb6 Qe5+ 32.Kh1 Re1+ 33.Rg1 Re2  0-1

[Event "IV JAHV McGregor 2013"]
[Site "Bogota COL"]
[Date "2013.12.07"]
[Round "7.64"]
[White "Molina,Rob"]
[Black "Manrique,F"]
[Result "1-0"]
[WhiteElo "2424"]
[BlackElo "1997"]

1.d4 d5 2.c4 dxc4 3.Nf3 c5 4.e3 Bf5 5.Bxc4 e6 6.O-O Nf6 7.Nc3 Be7 8.Qa4+ Nc6
9.Ne5 Qb6 10.d5 exd5 11.Bxd5 O-O 12.Nxc6 bxc6 13.Qxc6 Rab8 14.Qxb6 Rxb6 15.Bc4 Rd8
16.b3 Rbd6 17.Ba3 Rd2 18.Rad1 Ne4 19.Nd5 Bf8 20.f3  1-0

[Event "63rd ch-HUN 2013"]
[Site "Gyula HUN"]
[Date "2013.12.11"]
[Round "9.3"]
[White "Nagy,Ga1"]
[Black "Horvath,Cs1"]
[Result "0-1"]
[WhiteElo "2404"]
[BlackElo "2537"]

1.d4 d5 2.c4 dxc4 3.Nf3 a6 4.a4 Nf6 5.Nc3 Nc6 6.e4 Bg4 7.d5 Ne5 8.Be2 Bxf3
9.gxf3 e6 10.Bg5 h6 11.f4 hxg5 12.fxe5 Nd7 13.dxe6 Nxe5 14.Qd5 Qxd5 15.Nxd5 Bd6
16.exf7+ Kxf7 17.O-O-O Rh4 18.f3 Rah8 19.Ne3 Rxh2 20.Bxc4+ Nxc4 21.Rxh2 Rxh2
22.Nxc4 Bf4+ 23.Kb1 b5 24.axb5 axb5 25.Na3 c6 26.Rd7+ Ke6 27.Rxg7 Rxb2+ 28.Kxb2 Be5+
29.Kb3 Bxg7 30.Nc2 Ke5 31.Kb4 Bf8+ 32.Kb3 c5 33.Ne3 Kf4  0-1

[Event "51st Groningen Open A 2013"]
[Site "Groningen NED"]
[Date "2013.12.28"]
[Round "7.15"]
[White "Chytilek,R"]
[Black "Donchenko,Alexa"]
[Result "1/2-1/2"]
[WhiteElo "2374"]
[BlackElo "2455"]

1.d4 d5 2.c4 dxc4 3.Nf3 a6 4.e3 Nf6 5.Bxc4 e6 6.O-O c5 7.Bb3 Nc6 8.Nc3 b5
9.d5 exd5 10.Nxd5 c4 11.Nxf6+ Qxf6 12.Bc2 Bb7 13.a4 Rd8 14.Qe2 Bc5 15.axb5 axb5
16.Nd4 Ne5 17.Ra5 Qe7 18.Rxb5 O-O 19.Rxb7 Qxb7 20.Qh5 f5 21.Bxf5 g5 22.Ne6 Rxf5
23.Nxd8 Qd7 24.Rd1 Qa4 25.Rf1 Qd7 26.e4 Rxf2 27.Rxf2 Qxd8 28.Qxg5+ Qxg5 29.Bxg5 Nd3
30.Bh4 Bd4 31.Kf1 Nxf2 32.Bxf2 Bxb2 33.Ke2 Kf7 34.Bg3 Kf6 35.Kd2 h5 36.h3  1/2-1/2